[Event "SVK-ch Blitz"]
[Site "Nitra"]
[Date "2022.10.29"]
[Round "3"]
[White "Mikulas, Dusan"]
[Black "Kotlar, Maros"]
[Result "1-0"]
[WhiteElo "2016"]
[BlackElo "1689"]
[PlyCount "131"]
[EventDate "2022.10.29"]
[EventType "swiss"]
[EventRounds "13"]
[EventCountry "SVK"]
[SourceTitle "EXT 2024"]
[Source "ChessBase"]
[SourceDate "2023.10.10"]
[SourceVersion "1"]
[SourceVersionDate "2023.10.10"]
[SourceQuality "1"]

1. e4 c5 2. Nf3 d6 3. d4 cxd4 4. Nxd4 Nc6 5. Nc3 a6 6. f4 Nf6 7. Nf3 e6 8. Bd3 Be7 9. 0-0 0-0 10. Kh1 h6 11. Qe1 b5 12. a3 Bb7 13. Qg3 Nh7 14. f5 Bg5 15. Nxg5 hxg5 16. f6 gxf6 17. h4 Ne5 18. Be3 Kg7 19. Rf2 Rh8 20. Raf1 Qe7 21. Kg1 Rag8 22. hxg5 Nxg5 23. Ne2 Kf8 24. Bxg5 Rxg5 25. Qe3 Rgh5 26. Ng3 R5h6 27. Qa7 Kg7 28. Rf4 Kf8 29. Qf2 d5 30. exd5 Bxd5 31. b3 f5 32. Qd4 Ng4 33. Re1 Rh2 34. Bf1 Qf6 35. c4 Qxd4+ 36. Rxd4 R2h6 37. cxd5 exd5 38. Rxd5 f4 39. Rd8+ Kg7 40. Rxh8 Rxh8 41. Nf5+ Kg6 42. Nd4 Ne3 43. Nf3 Kf6 44. g3 Nc2 45. Rc1 Nxa3 46. gxf4 Rg8+ 47. Kf2 Rd8 48. Rc6+ Kg7 49. Rxa6 Nc2 50. Bxb5 Rb8 51. Bc4 Kf8 52. Ra7 f6 53. Rf7+ Ke8 54. Rxf6 Nb4 55. Rh6 Kd7 56. f5 Rf8 57. Nd4 Ke7 58. Ke3 Rg8 59. Rh7+ Kf6 60. Rh6+ Kg5 61. Bxg8 Kxh6 62. f6 Kg6 63. f7 Kg7 64. Ne6+ Kh8 65. f8Q Nd5+ 66. Kd4 1-0

[Event "SVK-ch Blitz"]
[Site "Nitra"]
[Date "2022.10.29"]
[Round "6"]
[White "Vrba, Michal"]
[Black "Kotlar, Maros"]
[Result "1-0"]
[WhiteElo "1927"]
[BlackElo "1689"]
[PlyCount "59"]
[EventDate "2022.10.29"]
[EventType "swiss"]
[EventRounds "13"]
[EventCountry "SVK"]
[SourceTitle "EXT 2024"]
[Source "ChessBase"]
[SourceDate "2023.10.10"]
[SourceVersion "1"]
[SourceVersionDate "2023.10.10"]
[SourceQuality "1"]

1. e4 c5 2. c4 d6 3. Nc3 Nc6 4. g3 Nf6 5. Bg2 e5 6. Nge2 Be7 7. h3 Be6 8. d3 Qc8 9. Be3 a6 10. Qd2 h6 11. f4 exf4 12. gxf4 Rb8 13. f5 Bd7 14. 0-0 Ne5 15. a4 b5 16. axb5 axb5 17. b3 bxc4 18. bxc4 0-0 19. Kh1 Rb4 20. Rg1 Qb8 21. Nf4 Rb2 22. Qd1 Kh7 23. Ncd5 Nxd5 24. Nxd5 Bh4 25. Bc1 Rb3 26. Qh5 Bf2 27. f6 Ng6 28. fxg7 Kxg7 29. Qxh6+ Kg8 30. Nf6# 1-0